<?xml version="1.0" encoding="UTF-8"?>
<record
    xmlns:xsi="http://www.w3.org/2001/XMLSchema-instance"
    xsi:schemaLocation="http://www.loc.gov/MARC21/slim http://www.loc.gov/standards/marcxml/schema/MARC21slim.xsd"
    xmlns="http://www.loc.gov/MARC21/slim">

  <leader>00464nam a22001337a 4500</leader>
  <controlfield tag="008">230324b        |||||||| |||| 00| 0 eng d</controlfield>
  <datafield tag="040" ind1=" " ind2=" ">
    <subfield code="a">National Science Library</subfield>
    <subfield code="c">National Science Library</subfield>
  </datafield>
  <datafield tag="080" ind1=" " ind2=" ">
    <subfield code="a">D 681.3:378.4(047.3)</subfield>
    <subfield code="b">K7</subfield>
  </datafield>
  <datafield tag="245" ind1=" " ind2=" ">
    <subfield code="a">Computer in higher education</subfield>
    <subfield code="c">/ Report of the President's Science Advisory Committee</subfield>
  </datafield>
  <datafield tag="260" ind1=" " ind2=" ">
    <subfield code="a">Washington, D. C.: </subfield>
    <subfield code="b">The White House, </subfield>
    <subfield code="c">1967</subfield>
  </datafield>
  <datafield tag="300" ind1=" " ind2=" ">
    <subfield code="a">vi, 79p.</subfield>
  </datafield>
  <datafield tag="650" ind1=" " ind2=" ">
    <subfield code="a">Information science</subfield>
  </datafield>
  <datafield tag="942" ind1=" " ind2=" ">
    <subfield code="2">udc</subfield>
    <subfield code="c">REP</subfield>
  </datafield>
  <datafield tag="999" ind1=" " ind2=" ">
    <subfield code="c">14529</subfield>
    <subfield code="d">14529</subfield>
  </datafield>
  <datafield tag="952" ind1=" " ind2=" ">
    <subfield code="0">0</subfield>
    <subfield code="1">0</subfield>
    <subfield code="2">udc</subfield>
    <subfield code="4">0</subfield>
    <subfield code="6">D_681337840473_K7</subfield>
    <subfield code="7">0</subfield>
    <subfield code="9">21567</subfield>
    <subfield code="a">NSL</subfield>
    <subfield code="b">NSL</subfield>
    <subfield code="c">GF/Rk-4/C-5/R-3</subfield>
    <subfield code="d">1970-06-06</subfield>
    <subfield code="l">0</subfield>
    <subfield code="o">D 681.3:378.4(047.3) K7</subfield>
    <subfield code="p">33364</subfield>
    <subfield code="r">2023-03-24 00:00:00</subfield>
    <subfield code="w">1970-06-06</subfield>
    <subfield code="y">REP</subfield>
  </datafield>
  <datafield tag="952" ind1=" " ind2=" ">
    <subfield code="0">0</subfield>
    <subfield code="1">0</subfield>
    <subfield code="2">udc</subfield>
    <subfield code="4">0</subfield>
    <subfield code="6">D_6813378_K7</subfield>
    <subfield code="7">0</subfield>
    <subfield code="9">21569</subfield>
    <subfield code="a">NSL</subfield>
    <subfield code="b">NSL</subfield>
    <subfield code="c">GF/Rk-4/C-5/R-3</subfield>
    <subfield code="d">1970-06-06</subfield>
    <subfield code="l">0</subfield>
    <subfield code="o">D 681.3:378 K7</subfield>
    <subfield code="p">43395</subfield>
    <subfield code="r">2023-03-24 00:00:00</subfield>
    <subfield code="w">1970-06-06</subfield>
    <subfield code="y">REP</subfield>
  </datafield>
</record>
